000 00731nam a2200241Ia 4500
008 160319s9999 xx 000 0 und d
020 _a971271487X
050 _a920
050 _bM239s 2004
100 _aMalaya, J. Eduardo
245 _a...So help us God :
245 _bthe presidents of the Philippines and their inaugural addresses /
245 _cJ. Eduardo Malaya, Jonathan E. Malaya. .
260 _bNational Bookstore
260 _c2004
300 _axvi, 351 p. :
300 _bill. ;
300 _c23 cm.
650 _aPhilippines -- Presidents -- Biography.
650 _aPhilippines -- Presidents.
650 _aPresidents -- Philippines -- Inaugural addresses.
700 _aMalaya, Jonathan E.
999 _c292231
_d292231